| 000 | 00612nam a2200193 a 4500 | ||
|---|---|---|---|
| 001 | 0759 | ||
| 005 | 20140414131900.0 | ||
| 008 | 040929s19uu xx 00 eng d | ||
| 020 | _a971-121-160-2 | ||
| 050 |
_aFIL 232.921 _bV71 1990 |
||
| 100 | _aVillanueva, Rene O. | ||
| 245 |
_aAng mahiwagang tala : _cby Rene O. Villanueva and Tomas Lacson ; illustrated by Reynaldo Tiongson. _bisang kuwento ng unang Pasko / |
||
| 260 |
_aManila : _bAklat Adarna, _c1990. |
||
| 300 | _ap. : ill. ; cm. | ||
| 650 |
_aChristmas _xFiction. |
||
| 650 | _aFilipino stories. | ||
| 650 | _aChildren stories. | ||
| 999 |
_c110601 _d110601 |
||